The file on H. /

Bibliographic Details
Main Author: Kadare, Ismail
Other Authors: Bellos, David, Vrioni, Jusuf
Format: Book
Language:English
French
Albanian
Published: London : Vintage, 2006.
Subjects:
Classic Catalogue: View this record in Classic Catalogue
LEADER 01482nam a2200325 a 4500
001 44511
003 BD-DhAAL
005 20250723172606.0
008 220723t20061981nyu 000 1 eng
010 |a  97030002  
020 |a  9780099497196 
035 |a 4963322 
040 |a DLC  |c DLC  |d DLC  |d BD-DhAAL 
041 1 |a eng  |h fre  |h alb 
050 0 0 |a PG9621.K3  |b D66713 1998 
082 0 0 |a 891.9913  |2 21 
100 1 |a Kadare, Ismail.  |9 58828 
245 1 4 |a The file on H. /  |c Ismail Kadare ; translated from the French of Jusuf Vrioni by David Bellos. 
260 |a London :  |b Vintage,  |c 2006. 
300 |a 169 pages ;  |c 22 cm. 
500 |a "First published in Albanian under the title Dosja H. (1981); translated from the revised version of the French text in Ismail Kadare, Oeuvres, tome IV, Fayard, 1996"--T.p. verso. 
541 |a Donated by Farhana Zahir (Assistant Professor, BBS, BRAC University)   |e 44511 
650 |a Irish Americans  |x Travel  |z Albania  |v Fiction.  |9 58829 
651 |a Albania  |v Fiction.  |9 58830 
700 1 |a Bellos, David.  |9 33227 
700 1 |a Vrioni, Jusuf.  |9 58831 
852 |a Ayesha Abed Library  |b General Stacks 
942 |2 ddc  |c BK 
999 |c 47350  |d 47350 
952 |0 0  |1 0  |2 ddc  |4 0  |6 891_991300000000000_KAD  |7 0  |9 77898  |a BRACUL  |b BRACUL  |c NEW  |d 2025-07-23  |e Donated by Farhana Zahir (Assistant Professor, BBS.)  |l 3  |m 21  |o 891.9913 KAD  |p 3010044511  |r 2026-01-11  |s 2026-01-07  |t 1  |w 2025-07-23  |y BK  |x Donated by Farhana Zahir, Assistant Professor, BBS, BRAC University; ₹499.00 ;